Rwanda : Third Review Under the Three-Year Arrangement Under the Poverty Reduction and Growth Facility and Request for Waiver of Nonobservance of Performance Criterion-Staff Report; Staff Supplement; Press Release.

The main risk to the program is that inflationary pressures would reemerge owing to improper management of the scaling up of aid and fiscal spending, or a protracted crisis in Kenya. The structural agenda focuses on maintaining the momentum in the previously initiated areas, particularly in the fina...

Ausführliche Beschreibung

Bibliographische Detailangaben
Körperschaft: International Monetary Fund
Format: Zeitschrift
Sprache:English
Veröffentlicht: Washington, D.C. : International Monetary Fund, 2008.
Schriftenreihe:IMF Staff Country Reports; Country Report ; No. 2008/089
Online Zugang:Full text available on IMF
LEADER 01801cas a2200241 a 4500
001 AALejournalIMF004945
008 230101c9999 xx r poo 0 0eng d
020 |c 5.00 USD 
020 |z 9781451833447 
022 |a 1934-7685 
040 |a BD-DhAAL  |c BD-DhAAL 
110 2 |a International Monetary Fund. 
245 1 0 |a Rwanda :   |b Third Review Under the Three-Year Arrangement Under the Poverty Reduction and Growth Facility and Request for Waiver of Nonobservance of Performance Criterion-Staff Report; Staff Supplement; Press Release. 
264 1 |a Washington, D.C. :  |b International Monetary Fund,  |c 2008. 
300 |a 1 online resource (104 pages) 
490 1 |a IMF Staff Country Reports 
500 |a <strong>Off-Campus Access:</strong> No User ID or Password Required 
500 |a <strong>On-Campus Access:</strong> No User ID or Password Required 
506 |a Electronic access restricted to authorized BRAC University faculty, staff and students 
520 3 |a The main risk to the program is that inflationary pressures would reemerge owing to improper management of the scaling up of aid and fiscal spending, or a protracted crisis in Kenya. The structural agenda focuses on maintaining the momentum in the previously initiated areas, particularly in the financial sector, tax administration, and public financial management. The authorities are launching a few large projects in energy, agriculture, and the information and telecommunication sectors aimed at easing binding infrastructure bottlenecks. Structural reforms advanced, albeit with some delays. 
538 |a Mode of access: Internet 
830 0 |a IMF Staff Country Reports; Country Report ;  |v No. 2008/089 
856 4 0 |z Full text available on IMF  |u http://elibrary.imf.org/view/journals/002/2008/089/002.2008.issue-089-en.xml  |z IMF e-Library